Sports Quiz

Random Sports or World Quiz
Score 0/41 Timer 08:00
0 Plays Today
% Correct
Hulk Hogan
82.2%
Hulk Hogan
81.4%
Hulk Hogan
79.8%
Hulk Hogan
79.8%
Hulk Hogan
76%
Shawn Michaels
65.9%
Yokozuna
65.1%
Randy Savage
64.3%
Diesel
62.8%
Bret Hart
62%
John 'Bradshaw' Layfield
62%
The Ultimate Warrior
60.5%
Chris Jericho
60.5%
Kurt Angle
59.7%
Brock Lesnar
59.7%
CM Punk
59.7%
CM Punk
58.9%
Bret Hart
58.1%
Randy Orton
57.4%
Randy Orton
56.6%
John Cena
56.6%
% Correct
John Cena
55.8%
Triple H
55.8%
Triple H
55.8%
Kurt Angle
54.3%
John Cena
54.3%
Sycho Sid
53.5%
Daniel Bryan
53.5%
Mankind
52.7%
The Miz
52.7%
Vacated
51.2%
Big Show
50.4%
Vacated
50.4%
Edge
49.6%
Sheamus
48.1%
Batista
48.1%
Batista
47.3%
Big Show
47.3%
The Undertaker
46.5%
Edge
45.7%
Jeff Hardy
43.4%
Remove Ads.
Support Sporcle.
Get the best of Sporcle when you Go Orange. This ad-free experience offers more features, more stats, and more fun while also helping to support Sporcle. Thank you for becoming a member.

You're not logged in!

Compare scores with friends on all Sporcle quizzes.
OR
Log In

Show Comments

Extras

Top Quizzes Today


Score Distribution

Your Account Isn't Verified!

In order to create a playlist on Sporcle, you need to verify the email address you used during registration. Go to your Sporcle Settings to finish the process.

Report this User

Report this user for behavior that violates our Community Guidelines.

Details: